| 000 | 01370nam0a22003131 4500 | ||
|---|---|---|---|
| 001 | rc\4447634 | ||
| 005 | 20260407132413.0 | ||
| 021 |
_aRU _b[68-31174] |
||
| 035 | _a(NLR Aleph) 008584761 | ||
| 090 |
_a8607291 _c8607291 |
||
| 100 | _a20130416d1968 |||y0rusy50 ca | ||
| 101 | 0 | _arus | |
| 102 | _aRU | ||
| 105 | _ay z ||||| | ||
| 200 | 1 |
_aИнструкция по расчету состава и контролю прочности высокомарочных бетонов _fНауч.-исслед. ин-т бетона и железобетона Госстроя СССР |
|
| 205 | _a2-е изд., [доп.] | ||
| 210 |
_aМосква _cСтройиздат _d1968 |
||
| 215 |
_a25 с. _cграф. _d20 |
||
| 300 | _aНа 3-й с. авт. разработки: кандидаты техн. наук И.М. Френкель и Д.И. Цейлон | ||
| 606 |
_aБетон высокопрочный _xПодбор состава _2psbo |
||
| 606 |
_aБетон высокопрочный _xПрочность _2psbo |
||
| 702 | 1 |
_aЦейлон _bД.И. _4570 |
|
| 702 | 1 |
_aФренкель _bИ.М. _gИлья Моисеевич _4570 |
|
| 712 | 0 | 2 |
_aНИИ бетона и железобетона _cМосква _3RU\NLR\AUTH\889993516 _9483522 |
| 801 | 0 |
_aRU _bNLR _gpsbo |
|
| 801 | 1 |
_aRU _bELAR _2rusmarc |
|
| 852 |
_aNLR _j68-4/8942 |
||
| 942 | _cBOOK | ||
| 980 | _aNB | ||